Statistics for Top Green Pea Producing Countries

Click here to take the quiz!

General Stats

  • This quiz has been taken 20 times
  • The average score is 7 of 10

Answer Stats

TonnesCountry% Correct
13.4 mChina
100%
5.56 mIndia
100%
0.28 mFrance
86%
0.23 mUnited States
86%
0.18 mEgypt
86%
0.12 mSpain
86%
0.15 mUnited Kingdom
71%
0.17 mPakistan
57%
0.2 mAlgeria
29%
0.13 mPeru
29%

Score Distribution

Percentile by Number Answered

Percent of People with Each Score

Your Score History

You have not taken this quiz